000 00601nam a22002537a 4500
003 UA-OsUOA
001 28532
007 ta
008 20050405b un ||||| |||| 00| 0 ukr d
100 _aСтепанова О. Є.
090 _a069(100)
_bС79
942 _cBK
040 _aUA-OsUOA
_bukr
_cUA-OsUOA
_dUA-OsUOA
245 _aВ музеях світу
300 _a72 с.
_bІлюстрації
955 _a0
041 _aukr
080 _a069(100)
020 _a966-96256-2-9
260 _aК.
_bАртанія Нова
_c2004
044 _aUA
650 7 _2UDC
999 _c314901
_d314901